Understanding the self : new normal edition / Erland D. Palean. (Record no. 82106)
[ view plain ]
| 000 -LEADER | |
|---|---|
| fixed length control field | 00482nam a22001697a 4500 |
| 003 - CONTROL NUMBER IDENTIFIER | |
| control field | URS |
| 005 - DATE AND TIME OF LATEST TRANSACTION | |
| control field | 20250217210726.0 |
| 020 ## - INTERNATIONAL STANDARD BOOK NUMBER | |
| International Standard Book Number | 9786214092246 |
| 040 ## - CATALOGING SOURCE | |
| Transcribing agency | URS |
| 050 ## - LIBRARY OF CONGRESS CALL NUMBER | |
| Classification number | FIL BF 721 .P156 2024 |
| 100 ## - MAIN ENTRY--PERSONAL NAME | |
| Relator code | author |
| Personal name | Palean, Erland D. |
| 245 ## - TITLE STATEMENT | |
| Title | Understanding the self : new normal edition / Erland D. Palean. |
| 260 ## - PUBLICATION, DISTRIBUTION, ETC. | |
| Place of publication, distribution, etc. | Mandaluyong, Philippines ; |
| Name of publisher, distributor, etc. | Books Atbp, |
| Date of publication, distribution, etc. | 2024 |
| 300 ## - PHYSICAL DESCRIPTION | |
| Extent | x, 288 p : 25 cm |
| 504 ## - BIBLIOGRAPHY, ETC. NOTE | |
| Bibliography, etc. note | Includes bibliographical references. |
| 942 ## - ADDED ENTRY ELEMENTS (KOHA) | |
| Source of classification or shelving scheme | Library of Congress Classification |
| Koha item type | Filipiniana |
| Withdrawn status | Source of classification or shelving scheme | Damaged status | Not for loan | Home library | Current library | Shelving location | Date acquired | Source of acquisition | Total Checkouts | Full call number | Barcode | Date last seen | Copy number | Price effective from | Koha item type |
|---|---|---|---|---|---|---|---|---|---|---|---|---|---|---|---|
| Library of Congress Classification | Angono College Library | Angono College Library | Filipiniana Section | 12/12/2024 | Library Fund | BF 721 .Un22 2024 | URSANG-7547 | 02/17/2025 | 1 | 02/17/2025 | Filipiniana | ||||
| Library of Congress Classification | Angono College Library | Angono College Library | Filipiniana Section | 12/12/2024 | Library Fund | BF 721 .Un22 2024 | URSANG-7546 | 02/17/2025 | 2 | 02/17/2025 | Filipiniana | ||||
| Library of Congress Classification | Angono College Library | Angono College Library | Filipiniana Section | 02/23/2026 | BF 721 .Un22 2024 | URSANG-7723 | 02/23/2026 | 3 | 02/23/2026 | Filipiniana |